<?xml version="1.0" encoding="UTF-8"?>
<marc:record xmlns:marc="http://www.loc.gov/MARC21/slim">
   <marc:leader>00000nam a2200000 a 4500</marc:leader>
   <marc:datafield ind1="1" ind2=" " tag="100">
      <marc:subfield code="a">Carle, Eric</marc:subfield>
      <marc:subfield code="4">aut</marc:subfield>
      <marc:subfield code="e">Verfasser/-in</marc:subfield>
   </marc:datafield>
   <marc:datafield ind1=" " ind2=" " tag="653">
      <marc:subfield code="a">Pappbilderbuch</marc:subfield>
   </marc:datafield>
   <marc:datafield ind1="0" ind2="0" tag="245">
      <marc:subfield code="a">Die kleine Raupe Nimmersatt</marc:subfield>
   </marc:datafield>
   <marc:datafield ind1="0" ind2="0" tag="245">
      <marc:subfield code="b">auf dem Bauernhof</marc:subfield>
   </marc:datafield>
   <marc:datafield ind1="0" ind2="0" tag="245">
      <marc:subfield code="c">Eric Carle</marc:subfield>
   </marc:datafield>
   <marc:datafield ind1=" " ind2="1" tag="264">
      <marc:subfield code="a">Hildesheim</marc:subfield>
      <marc:subfield code="b">Gerstenberg</marc:subfield>
      <marc:subfield code="c">2024</marc:subfield>
   </marc:datafield>
   <marc:datafield ind1=" " ind2=" " tag="250">
      <marc:subfield code="a">1. Aufl.</marc:subfield>
   </marc:datafield>
   <marc:datafield ind1="1" ind2=" " tag="520">
      <marc:subfield code="a">Ein Tag auf dem Bauernhof macht Spaß. Wer ist auf der Weide, welche Tiere sind im Stall? Manche Tiere fühlen sich im Stroh wohl, manche lieben ein Schlammbad, andere buddeln gern in der Erde. Hinter vielen Klappen gibt es Bauernhoftiere zu entdecken, aber auch kleine Mitbewohner wie Marienkäfer, Bienen oder Schmetterlinge, die sich im Hofgarten tummeln. Welches Tier isst gern Äpfel? Und welches passt auf andere Tiere auf? Hier wird es verraten!</marc:subfield>
   </marc:datafield>
   <marc:datafield ind1=" " ind2=" " tag="020">
      <marc:subfield code="a">9783836962544</marc:subfield>
      <marc:subfield code="9">9783836962544</marc:subfield>
   </marc:datafield>
   <marc:datafield ind1=" " ind2=" " tag="020">
      <marc:subfield code="a">3836962543</marc:subfield>
      <marc:subfield code="9">3836962543</marc:subfield>
   </marc:datafield>
   <marc:datafield ind1=" " ind2=" " tag="300">
      <marc:subfield code="a">[6] Bl. : überw. Ill.</marc:subfield>
   </marc:datafield>
</marc:record>
